| 000 | 00808 a2200205 4500 | ||
|---|---|---|---|
| 003 | Nust | ||
| 005 | 20230210123050.0 | ||
| 010 | _a 83010370 | ||
| 020 | _a0865314446 : | ||
| 020 | _a0865314454 (pbk.) : | ||
| 040 | _cNust | ||
| 082 | 0 | 0 | _a958.1044,HAM |
| 100 | 1 |
_aHammond, Thomas Taylor. _9108886 |
|
| 245 | 1 | 0 |
_aRed Flag over Afghanistan : _bthe Communist coup, the Soviet invasion, and the consequences / _cThomas T. Hammond. |
| 260 |
_aBoulder, Colo. : _bWestview Press, _c1984. |
||
| 300 |
_axvii, 262 p. ; _c24 cm. |
||
| 505 | _aPart.1 Afghanistan Before the Communist Coup (Page-3), Part.2 The Coup of April 1978 and its Aftermath (Page-49), Part.3 The Soviet Invasion and its Consequences (Page-97). | ||
| 651 | 0 |
_aAfghanistan _xHistory _ySoviet occupation, 1979-1989. _922710 |
|
| 942 |
_2ddc _cBK |
||
| 999 |
_c194800 _d194800 |
||